Abdullah Ahmad Badawi : perjalanan politik PM ke 5 /

Bibliographic Details
Main Author: Chamil Wiraya
Format: Book
Published: Kuala Lumpur: Utusan Publication & Distributor Sdn. Bhd, 2004.
Subjects:
LEADER 00677cam a2200205 7i4500
001 0000049143
005 20151104090000.0
005 ##20151104163100.0
003 ##MY-KlINT
020 # # |a 9676115347  
039 # 9 |y 201511041631  |z VLOAD 
090 0 0 |a 923.2595   |b CHA 
100 1 # |a Chamil Wiraya 
245 0 0 |a Abdullah Ahmad Badawi :   |b perjalanan politik PM ke 5 /   |c Chamil Wiraya. 
260 # # |a Kuala Lumpur:   |b Utusan Publication & Distributor Sdn. Bhd,   |c 2004. 
300 # # |a xix,236ms;   |c 24cm. 
500 # # |a Mengandungi bibliografi & index 
650 # 0 |a Abdullah Ahmad Badawi, Dato'Seri  
650 # 0 |a Prime Minister --   |z Malaysia --   |z Biography  
651 # 0 |a Malaysia --   |x Politics and government